00757nam a22002057a 4500999001900000005001700019010001300036020001500049035001100064037001600075082000800091100003500099245006500134246005200199260004100251270006900292300002300361942002900384952013800413 c168546d16854620191014170609.0 aUR-10536 c1200.00a- aU-9091 bDBAD/PUBa- a920 aمحمد علی کشمير ی  aتحفہ ا لا حبا ب cمحمد علی کشمير ی  bTohfa Ala habab (Urdu)aby Mohd. Ali Kashmiri  aKashmirbJaan Publications c2016 ء aManzil Janan,Pandar,YathanSri NagarbKashmir e-k09643718691l- a912 ص c22 Cm(Hb) 2ddccURh920mم ح م  001040718NFICaDBADbDBADd2019-10-14eDBAD/PUBg1200.00l0o920 م ح مpU-9091r2019-10-14 00:00:00t1v1200.00w2019-10-14yUR